Βιώσιμη τουριστική ανάπτυξη : η περίπτωση του Δήμου Χερσονήσου : μεταπτυχιακή εργασία

Αποθηκεύτηκε σε:
Λεπτομέρειες βιβλιογραφικής εγγραφής
Κύριος συγγραφέας: Κασαπάκη, Σοφία
Συγγραφή απο Οργανισμό/Αρχή: Πανεπιστήμιο Αιγαίου Σχολή Επιστημών της Διοίκησης Τμήμα Διοίκησης Επιχειρήσεων Πρόγραμμα Μεταπτυχιακών Σπουδών "Σχεδιασμός, Διοίκηση και Πολιτική του Τουρισμού"
Μορφή: Thesis Βιβλίο
Γλώσσα:Greek
Δημοσίευση: 2003.
Θέματα:
Ετικέτες: Προσθήκη ετικέτας
Δεν υπάρχουν, Καταχωρήστε ετικέτα πρώτοι!

MARC

LEADER 00000cam a2200000 i 4500
001 1/48248
008 040211s2003 gr | ||| |||| ||gre||
035 |l 10072218 
040 |a GR-MyUa  |b gre  |e AACR2 
041 0 |a gre 
082 7 |a 338.4791094959   |2 (22) 
100 1 |a Κασαπάκη, Σοφία. 
245 1 0 |a Βιώσιμη τουριστική ανάπτυξη : η περίπτωση του Δήμου Χερσονήσου :   |b μεταπτυχιακή εργασία /   |c Κασαπάκη Σοφία ; επιβλέπων: Χάρης Κοκκώσης.  
260 |c 2003.  
300 |a 152 σ. :   |b διαγράμ., πίν., χάρτ. ;   |c 30 εκ.  
502 |a Διατριβή (μεταπτυχιακή) – Πανεπιστήμιο Αιγαίου, Χίος, 2003.  
504 |a Περιλαμβάνει βιβλιογραφία.  
610 2 0 |a Πανεπιστήμιο Αιγαίου. 
650 0 |a Tourism  |z Greece  |z Erakleion (Nome) 
650 0 |a Dissertations, Academic  |z Greece. 
700 1 |a Κοκκώσης, Χαράλαμπος,  |e dgs 
710 2 |a Πανεπιστήμιο Αιγαίου  |b Σχολή Επιστημών της Διοίκησης  |b Τμήμα Διοίκησης Επιχειρήσεων  |b Πρόγραμμα Μεταπτυχιακών Σπουδών "Σχεδιασμός, Διοίκηση και Πολιτική του Τουρισμού". 
852 |a INST  |b CHIOS  |c DIATR  |e 20040216  |h 338.4791094959 ΚΑΣ  |p 005200023593  |q 005200023593  |t MTXE  |y 23 
852 |a INST  |b CHIOS  |c DIATR  |e 20040211  |h 338.4791094959 ΚΑΣ  |p 005200023631  |q 005200023631  |t MTXE  |y 23 
901 |a BIBL2-2004-1 
924 |a Κασαπάκη  |b Σοφία  |y Χίος  |z 2004-02 
970 |a Πουλάκη  |b Πανωραία  |z 2004/02/11